000 00831 a2200217 4500
010 _aENG-85855
020 _a8120331001
_c795.00
035 _aEN-69388
037 _bD.B.Act / Pub
082 1 4 _a005.756
090 _c3665
_d3665
245 1 _aMCTS self-paced training kit (exam 70-431)
_bMicrosoft SQL server 2005--implementation and maintenance
_cSolid Quality Learning.
260 _aNew Delhi
_bPrentice-Hall of India
_c2007
300 _axxxviii, 950 p.
_bill. ;
_c24 cm. (Hb)
_e1 CD-ROM (4 3/4 in.)
500 _aIncludes index.
650 0 _aMicrosoft software
_xExaminations
650 0 _aTelecommunications engineers
_xCertification.
710 2 _aSolid Quality Learning (Organization)
942 _adpl
_cEN
_k005.756 / MCT
999 _c3593
_d3593